The street lawyer John Grisham
Salvato in:
| Autore principale: | |
|---|---|
| Natura: | Libro |
| Lingua: | inglese |
| Pubblicazione: |
Dell Publishing
1998.
|
| Tags: |
Aggiungi Tag
Nessun Tag, puoi essere il primo ad aggiungerne!!
|
MARC
| LEADER | 00000nam a22000007a 4500 | ||
|---|---|---|---|
| 008 | 210426b ||||| |||| 00| 0 eng d | ||
| 020 | |a 0-440-22570-1 | ||
| 100 | |a GRISHAM, John. | ||
| 245 | |a The street lawyer |b John Grisham |g 452p. | ||
| 260 | |b Dell Publishing |c 1998. |h New York |i 681548 |l PS3557 .R5355G87 |m Washington, (D.C.) - Fiction | ||
| 942 | |a lcc |c BK |e Ogunmilade, F.T. |f 26/04/2021 | ||
| 952 | |0 0 |1 0 |2 lcc |4 0 |6 PS3557 R5355 G87 |7 0 |9 2302 |a HOL |b HOL |c LP |d 2021-04-26 |l 0 |o PS3557 .R5355G87 |p 2021-6156 |r 2021-04-26 00:00:00 |w 2021-04-26 |y BK | ||
| 999 | |c 1184 |d 1184 | ||